000 00541nam a2200169Ia 4500
008 090711s9999 xx 000 0 und d
082 _b12443
100 _aशुक्ल ना. गो.
245 _aनिळे पाणी निळे आभाळ
260 _c1963
300 _a88
600 _aशुक्ल ना. गो.
630 _aनिळे पाणी निळे आभाळ
700 _aशुक्ल ना. गो.
730 _aनिळे पाणी निळे आभाळ
942 _cBOOK
999 _c321939
_d321939